| 000 | 01547aam a2200577 4500 | ||
|---|---|---|---|
| 005 | 20251016183035.0 | ||
| 008 | 150604b2007 xxu||||| |||| 00| 0 spa d | ||
| 020 | _a9788480862271 | ||
| 041 | _aESP | ||
| 082 | _a617.6 R638a | ||
| 100 |
_a Roberson, Theodore M _944390 |
||
| 245 | _aArte y ciencia de la odontología conservadora | ||
| 260 | _aEspaña | ||
| 260 | _bElsevier | ||
| 260 | _c2006 | ||
| 300 | _a1013 páginas | ||
| 300 | _bIlustraciones a blanco y negro | ||
| 490 | _aMecánica Dental | ||
| 650 | _aODONTOLOGÍA | ||
| 650 | _aODONTOLOGÍA CONSERVADORA | ||
| 650 | _aANATOMÍA DENTAL | ||
| 650 | _aHISTOLOGÍA | ||
| 650 | _aFISIOLOGÍA | ||
| 650 | _aOCLUSIÓN | ||
| 650 | _aCARIOLOGÍA | ||
| 650 | _aCARIES | ||
| 650 | _aBIOMATERIALES | ||
| 650 | _aODONTOLOGÍA REPARADORA | ||
| 650 | _aBIOCOMPATIBILIDAD | ||
| 650 | _aRESTAURACIÓN DENTAL | ||
| 650 | _aNOMENCLATURA | ||
| 650 | _aINSTRUMENTOLOGÍA DENTAL | ||
| 650 | _aINFECCIONES EN ODONTOLOGÍA | ||
| 650 | _aSALUD LABORAL | ||
| 650 | _aVIH | ||
| 650 | _aINFECTOLOGÍA | ||
| 650 | _aESTERILIZACIÓN | ||
| 650 | _aCIRUGÍAS DENTALES | ||
| 650 | _aRESTAURACIONES DENTALES | ||
| 650 | _aRESTAURACIONES DE COMPOSITE | ||
| 650 | _aPOLIMERIZACIÓN | ||
| 650 | _a IONÓMERO DE VIDRIO | ||
| 650 | _aRESINA | ||
| 650 | _aCEMENTACIÓN | ||
| 650 | _aBLANQUEAMIENTOS DENTALES | ||
| 650 | _aAMALGAMAS | ||
| 650 | _aENDODONCIA | ||
| 650 | _aRESTAURACIONES METÁLICAS | ||
| 650 | _aRESTAURACIONES CON ORO | ||
| 942 |
_cBK _2ddc |
||
| 999 |
_c9910 _d9910 |
||